000 00948nam a2200277 a 4500
001 BRCA_1154
005 20190320203314.0
008 921230s1993 mx-a---##c---#000-0#spa-#
020 _a9686747001
040 _aDLC
_cDLC
_dDLC
041 _aspaeng
050 4 _aN910.P84
_b.E87 1993
100 1 _aEspinosa Yglesias, Ángeles
_93811
245 1 0 _aUn recorrido por el Museo Amparo
_cÁngeles Espinosa Yglesias.
250 _a3
260 _aPuebla, México
_bMuseo Amparo : Programas Educativos
_c1993
300 _a80 p.
_bil. a color
_c28 cm.
500 _a2do. ejemplar en el Área de Investigación
546 _aTexto en : español e inglés
610 2 4 _aMuseo Amparo (Puebla, México)
_vGuías turísticas
_93812
650 1 4 _aArte indígena
_vCatálogos
_zMéxico
_91255
650 1 4 _aIndígenas de México
_xAntigüedades
_9509
650 1 4 _aArte
_vCatálogos
_zMéxico
_93813
651 4 _aMéxico
_xAntigüedades
_92765
942 _2lcc
_cB
999 _c1031
_d1031